Predvianočné obdobie praje prémiovým alkoholickým nápojom
Kľúčovým obdobím pre predaj alkoholických nápojov je záver roka. Silvester takpovediac patrí šumivým vínam, sektom a šampanskému. V tomto období sú spotrebitelia častejšie ochotní nakúpiť prémiový alkohol v špecializovaných obchodoch, dopriať si výnimočné chute či vyskúšať remeselnú produkciu.
Salvato in:
| Natura: | Capitolo di libro |
|---|---|
| Lingua: | slovacco |
| Soggetti: | |
| Tags: |
Nessun Tag, puoi essere il primo ad aggiungerne!!
|
MARC
| LEADER | 00000naa a2200000 4500 | ||
|---|---|---|---|
| 001 | 0314823 | ||
| 005 | 20260209092259.2 | ||
| 041 | 0 | |a slo | |
| 044 | |a SK | ||
| 245 | 1 | 0 | |a Predvianočné obdobie praje prémiovým alkoholickým nápojom |
| 520 | |a Kľúčovým obdobím pre predaj alkoholických nápojov je záver roka. Silvester takpovediac patrí šumivým vínam, sektom a šampanskému. V tomto období sú spotrebitelia častejšie ochotní nakúpiť prémiový alkohol v špecializovaných obchodoch, dopriať si výnimočné chute či vyskúšať remeselnú produkciu. | ||
| 610 | 2 | 0 | |a dopyt spotrebiteľský |
| 610 | 2 | 0 | |a správanie spotrebiteľa |
| 610 | 2 | 0 | |a tovar luxusný |
| 610 | 2 | 0 | |a sviatok štátny |
| 610 | 2 | 0 | |a nápoje alkoholické |